000 00888 a2200193 4500
003 NUST
005 20221107164250.0
010 _a 75021841
020 _a0155604155
040 _cNust
082 0 0 _a512,JAM
100 1 _aJamison, Ronald D.
_939151
245 1 0 _aModern college algebra :
_bwith applications /
_cRonald D. Jamison.
260 _aNew York :
_bHarcourt Brace Jovanovich,
_cc1976.
300 _ax, 462 p. :
_bill. ;
_c25 cm.
505 _aMathematics (Page-1),Logic and Sets (Page-11),Real Numbers (Page-45),Open Sentences (Page-91),Relations and Functions (Page-125),Exponential and Logarithmic Functions (Page-179),Complex Number (Page-218),Polynomial and Rational Functions (Page-235),Systems of Equations Matrices and Determinants (Page-280),Mathematical Induction (Page-337),Coordinate Geometry (Page-367).
650 0 _aAlgebra.
_98509
942 _2ddc
_cBK
_k512,JAM
999 _c181657
_d181657